Missing Word: Famous Jennifers Quiz Stats

 Plays Quiz Updated Oct 15, 2012

Support Sporcle.
Go Orange.
Score 0/16 Timer 02:00
1 Play Today
% Correct
Me
97.9%
Wedding
97.3%
What
96.8%
Almighty
93.6%
Earth
92.4%
Just
91.2%
Maid
87.4%
Plan
86.9%
% Correct
Beautiful
85.7%
Times
83.5%
Road
83%
Bosses
77.1%
White
75.9%
Dream
64.6%
Last
62.5%
Office
58.8%

Today's Daily Dose

Word Ladder
ING Words

Get the Picture
Nearest Volcano

From the Vault

Logos Through the Ages: NBC

by WillieG

NBC has never been afraid to let a logo show its true colors.
Remove Ads.
Support Sporcle.
Get the best of Sporcle when you Go Orange. This ad-free experience offers more features, more stats, and more fun while also helping to support Sporcle. Thank you for becoming a member.

Show Comments

Extras

Top Quizzes Today


Score Distribution

Your Account Isn't Verified!

In order to create a playlist on Sporcle, you need to verify the email address you used during registration. Go to your Sporcle Settings to finish the process.

Report this User

Report this user for behavior that violates our Community Guidelines.

Details: